000 00766nam a2200241Ia 4500
003 OSt
005 20220924123107.0
006 a|||||r|||| 00| 0
007 ta
008 220923b |||||||| |||| 00| 0 san d
024 _a76731
037 _cTextual
040 _aARTS
_cARTS
_bsan
041 _2san
_asan
082 _aR672xG68,2, 15L3
100 _aVedantadesika Venkatanath
_9178663
245 0 _aTattva mukta kalapa and sawartha siddhi with sans comms by Srinivasacarya Ramanujacarya and Viraraghavacarya
260 _amadras
_bUbhyaya Vedant Granthmala
_c1973
300 _a16,816p.
_ccm.
650 _aNAYA PHILOSOPHY
_95683
942 _hR672xG68,2, 15L3
_cTEXL
_2CC
999 _c414270
_d414270